000 00420nam a22001817a 4500
003 OSt
005 20250318152555.0
008 250318b |||||||| |||| 00| 0 eng d
020 _a9789393050038
082 _a8H3
_bHILS
100 _aHill, Nepolean
245 _aSochiye aur ameer baniye
260 _aGurugram
_bLexicon Books
300 _a336p.
546 _aHindi
651 _aHindi Fiction
942 _2ddc
_cBK
999 _c3736
_d3736